LEADER 01380nam0 22002891i 450 001 UON00236288 005 20231205103526.968 100 $a20030730d1979 |0itac50 ba 101 $aita 102 $aIT 105 $a||||0 ||||| 200 1 $aˆLa ‰politica estera spagnola dalla guerra civile alla seconda guerra civile alla seconda guerra mondiale$eda Hendaye a Gibilterra$fRamón Serrano Suner 205 $aRoma : Ciarrapico$bc1979 210 $a279 p.$a21 cm 215 $aTit. orig.: Entre Hendaya y Gibraltar 410 1$1001UON00177460$12001 $aˆLa ‰verità per la storia$1210 $aRoma$cCiarrapico 606 $aSpagna$xPolitica estera$x1937-1942$3UONC052721$2FI 620 $aIT$dRoma$3UONL000004 676 $a946.081$cStoria della Spagna. Periodo della seconda repubblica, 1931-1939$v21 700 1$aSERRANO SUNER$bRamón$3UONV143010$0490982 712 $aCiarrapico$3UONV269746$4650 801 $aIT$bSOL$c20260220$gRICA 899 $aSIBA - SISTEMA BIBLIOTECARIO DI ATENEO E ARCHIVIO STORICO$2UONSI 912 $aUON00236288 950 $aSIBA - SISTEMA BIBLIOTECARIO DI ATENEO E ARCHIVIO STORICO$dSI SPA STO 154 $eSI LO115037 5 154 996 $aPolitica estera spagnola dalla guerra civile alla seconda guerra civile alla seconda guerra mondiale$91231738 997 $aUNIOR